Worlds Largest Salt Exporting Countries - Statistics

General Stats
  • This quiz has been taken 21 times
  • The average score is 8 of 10
Answer Stats
% Answer % Correct
3,91 Australia
100%
22.48 China
100%
8.86 India
95%
2,28 Brazil
90%
3.65 Mexico
90%
14.54 USA
90%
3.92 Canada
85%
6.88 Germany
65%
2.91 Chile
55%
2.36 Netherlands
30%
No matching quizzes found
Score Distribution
Percent of People with Each Score
Percentile by Number Answered
Your Score History
You have not taken this quiz